Normal view MARC view

Entry Personal Name

Number of records used in: 1

001 - CONTROL NUMBER

  • control field: 41959

003 - CONTROL NUMBER IDENTIFIER

  • control field:

005 - DATE AND TIME OF LATEST TRANSACTION

  • control field: 20240424121706.0

008 - FIXED-LENGTH DATA ELEMENTS

  • fixed length control field: 240424|| aca||aabn | a|a d

040 ## - CATALOGING SOURCE

  • Original cataloging agency:
  • Transcribing agency:

100 ## - HEADING--PERSONAL NAME

  • Personal name: MURRAY Albert Victor
  • Dates associated with a name: 1890

670 ## - SOURCE DATA FOUND

  • Source citation: Work cat.: ()20832: MURRAY Albert Victor 1890 aut, The school in the bush, 1938

National Library of Nigeria OPAC is powered by Koha